Statistics for The Peace of Pyrenees and the Franco-Spanish War

Click here to take the quiz!

General Stats

  • This quiz has been taken 18 times
  • The average score is 6 of 10

Answer Stats

QuestionsAnswer% Correct
Which Country refused to sign a treaty after Westphalia?Spain
100%
Were the Spanish finished as a great power? (yes/no)yes
93%
Which country did France call upon for help?England
80%
What year was the Peace of Pyrenees Signed?1659
67%
Which Nation was rebuilding to oppose France?Holy Roman Empire
67%
What was stated about Louis children having claim on the Spanish throne?No claim to it
60%
French Territorial gains?Roussillon
60%
Who were the Austrians occupied with at this time?The Ottoman Empire
53%
In which way was Peace made which would upkeep each sides honour?A Marriage deal
27%
What Battle decided the victor of the war?Battle of Dunkirk
0%

Score Distribution

Percentile by Number Answered

Percent of People with Each Score

Your Score History

You have not taken this quiz